00351cam a2200133ua 4500020001800000041001000018082001900028100002500047245006400072250001200136260005200148300001200200504000500212 a0-07-014825-2 aengh a629.25bCRO/AU aCrouse, William H . aAutomotive engines / cWilliam H Crouse.hTextual Documents a6 / b. aNew York : bMcGraw Hill Book Company , c1981. a422 ; . a